De natura sonoris N° 2 : Na orkiestre = for orchestra = für orchester
Saved in:
| Main Author: | |
|---|---|
| Format: | Musical Score |
| Language: | Polish English German |
| Published: |
Kraków :
PWM ;
c1972.
|
| Subjects: |
| LEADER | 01016Ccm#a22003135a#4500 | ||
|---|---|---|---|
| 001 | 021570 | ||
| 005 | 20160707154559.0 | ||
| 008 | 100413s1972####pl#syb#f## #####pol#d | ||
| 040 | |a AR-beUNQ | ||
| 041 | 1 | |a ol |a eng |a ger | |
| 082 | 0 | 4 | |a 784.2 |2 21 |
| 100 | 1 | |a Penderecki, Krzysztof |d 1933- | |
| 245 | 0 | 2 | |a De natura sonoris N° 2 : |b Na orkiestre = for orchestra = für orchester |c Krzysztof Penderecki. |
| 254 | |a partytura = score = partitur. | ||
| 260 | |a Kraków : |b PWM ; |c c1972. | ||
| 300 | |a 1 partitura (20 p.) ; |c 26 cm. | ||
| 500 | |a Duración: aprox. 10 min. | ||
| 500 | |a Notación mixta. | ||
| 500 | |a Para orquesta. | ||
| 546 | |a Explicaciones de notación y referencias en polaco, inglés y alemán | ||
| 942 | |c PAR |n 0 | ||
| 648 | 4 | |a Siglo XX | |
| 650 | 7 | |a Música |2 Spines | |
| 651 | 7 | |a Polonia |2 Spines | |
| 653 | |a Música contemporánea | ||
| 653 | |a Partituras | ||
| 653 | |a Orquesta | ||
| 929 | |a DONACION |b Fundación Gaudeamus |d 0 |e 20041130 |f PAT0018868 |g Exp. 827-0387/98 |j 44676 | ||
| 999 | |c 291 |d 75678 | ||